00619nam a22002057a 450000500170000001000130001702000100003003500130004003700160005304000120006908200160008110000260009724500710012326000370019427000600023130000260029150000510031765000230036865000220039120170124110042.0 aA-550043 c75.00 aA-550043 bCen Lib/Ret aDPLbEN a881.08bBAR aBarua, Sudhansu Bimal aStudies in tagore and budhhist culture /cby Sudhansu Bimal Barua  aCalcuuta bSahitya Samsad c1991 bCalcuuta a32A, achariya perfulla chander road e700009 axiiix, 92p.c21cm(Hb) aIncludes bibliographical references and index  aIndian literature  aBudhhist culture